000 00276nam a22001217a 4500
003 SGT
082 _a621.382,PRA
100 _aPRASAD, K.D.
245 _aELECTROMAGNETIC FLELDS & WAVES
260 _aNEW DELHI
_bSATYA PRAKASHAN
_c2014
300 _a1034
942 _2ddc
_cGF BOOKS
999 _c32468
_d32468